000 00307nam a2200133Ia 4500
008 240112s2005 xx 000 0 und d
041 _aeng
082 _a616.34
100 _aSLRINIRA SAN S.
245 _aINDIAN JOUR.OF MEDICAL FTHIES
260 _bMEC
_c2005
300 _a147,HB
_c(4-6)
440 _v2
999 _c1141099
_d1141099